[Event "NATO-ch"]
[Site "Gausdal"]
[Date "1995.??.??"]
[Round "2"]
[White "Stefurak, George"]
[Black "Borbjerggaard, Lars"]
[Result "0-1"]
[WhiteElo "2175"]
[BlackElo "2010"]
[PlyCount "100"]
[EventDate "1995.08.??"]
[EventType "swiss"]
[EventRounds "9"]
[EventCountry "NOR"]
[SourceTitle "EXT 2008"]
[Source "ChessBase"]
[SourceDate "2007.11.25"]
[SourceVersion "1"]
[SourceVersionDate "2007.11.25"]
[SourceQuality "1"]

1. e4 d5 2. exd5 Nf6 3. c4 e6 4. dxe6 Bxe6 5. d4 Bb4+ 6. Bd2 Qe7 7. Bxb4 Qxb4+ 8. Qd2 Nc6 9. Qxb4 Nxb4 10. Na3 0-0-0 11. d5 Bg4 12. f3 Rhe8+ 13. Kf2 Bf5 14. Nb5 c6 15. Nd4 Nd3+ 16. Bxd3 Bxd3 17. b3 cxd5 18. c5 Kb8 19. Rd1 Bg6 20. Nge2 Nd7 21. b4 a5 22. a3 Ne5 23. Nf4 Nc4 24. Nxg6 hxg6 25. Rd3 Re5 26. Rc1 Rde8 27. b5 Rc8 28. Rc2 Rxc5 29. a4 Rh5 30. Rdc3 Rc8 31. Nb3 b6 32. h3 Nd6 33. Rc6 Nc4 34. Rxc8+ Kxc8 35. Nd2 Rh4 36. g4 Rxh3 37. Kg2 Rh8 38. Nxc4 dxc4 39. Rxc4+ Kb7 40. Kf2 Re8 41. f4 Re7 42. Kf3 Rc7 43. Rd4 Rc3+ 44. Ke4 Kc7 45. g5 f6 46. Kd5 Kd7 47. Ke4+ Ke6 48. gxf6 gxf6 49. f5+ gxf5+ 50. Kf4 Rh3 0-1